| 000 | 01933nam0a2200397 i 4500 | ||
|---|---|---|---|
| 001 | RU\NLR\BIBL_A\010189529 | ||
| 005 | 20240921115547.0 | ||
| 010 |
_a9785160064406 _bв пер. _9500 |
||
| 021 |
_aRU _b2013-101210 _97028 |
||
| 035 | _a(NILC)RuMoRGB-006710089 | ||
| 035 | _a(NLR Aleph) 010189529 | ||
| 090 |
_a10190611 _c10190611 |
||
| 100 | _a20140211d2014 km y0rusy50 ca | ||
| 101 | 0 | _arus | |
| 102 | _aRU | ||
| 105 | _aa|||j|||000yy | ||
| 200 | 1 |
_aМаркетинговый аудит _eучебник _eучебное пособие для студентов высших учебных заведений, обучающихся по направлению 080200.68 "Менеджмент" _e[соответствует Федеральному государственному образовательному стандарту 3-го поколения] _fД. В. Тюрин |
|
| 205 | _a2-е изд., доп. | ||
| 210 |
_aМосква _cИНФРА-М _d2014 |
||
| 215 |
_a283, [1] с. _cил., табл. _d22 |
||
| 225 | 1 | _aГильдия маркетологов рекомендует | |
| 225 | 1 | _aВысшее образование - Бакалавриат | |
| 225 | 1 | _aБакалавриат | |
| 300 | _aНа 4-й с. обл. авт.: Тюрин Д.В., к.э.н. | ||
| 300 | _aВ макете загл. сер.: Высшее образование: Бакалавриат | ||
| 320 | _aБиблиогр.: с. 219-220 | ||
| 606 | 1 |
_aМаркетинг _jУчебники для высших учебных заведений _xАудит _92451331 _3RU\NLR\AUTH\661457465 |
|
| 610 | 0 | _aаудит маркетинговый | |
| 686 | 1 | _aУ9(2)-361.4я73 | |
| 700 | 1 |
_aТюрин _bД. В. _f1973- _gДмитрий Валерьевич |
|
| 801 | 0 |
_aRU _bRuMoRKP _c20120723 _gRCR |
|
| 801 | 2 |
_aRU _bРГБ _c20131212 _grcr |
|
| 942 | _cBOOK | ||
| 980 | _aNBR | ||